Válás mindenáron

Bibliographic Details
Main Authors: Janković, Nóra, 1970- (Author, Interviewer), Mészáros, Magdolna, 1985- (Author)
Format: Article
Language:Hungarian
PhysicalDescription:Fotogr.
ISSN:1335-938X
Subjects:

MARC

LEADER 00000nab a2200000 ar4500
001 vtls010107679
003 SK-MaSNL
005 20260319070650.0
008 100621c2010 xo |||||| | 000 b|hun
015 |a SNBRB2010/06  |2 snkbucl 
038 |a SNKBUCL 
040 |a DSZK  |b slo  |c DSZK  |e AACR2 
041 0 |a hun 
044 |a xo  |c SK 
080 |a 316.813.5  |2 2001 
100 1 |a Janković, Nóra,  |d 1970-  |4 ivr  |4 aut  |9 106512 
245 1 0 |a Válás mindenáron  |c Janković Nóra, Mészáros Magdolna 
246 3 3 |a Válási Körkép 
300 |b Fotogr. 
500 |a Začiatok 
500 |a Obsahuje rozhovor sp sociologičkou M. Mészáros 
650 0 7 |a partnerské rozchody  |2 SNKPH  |9 84880 
650 0 7 |a rozvod  |2 SNKPH  |9 2703 
700 1 |a Mészáros, Magdolna,  |d 1985-  |4 ive  |4 aut  |9 1083165 
773 0 |t Új nő  |g Sz. június (2010), o. 26-28  |x 1335-938X 
852 |a SNK  |b KIS3GCP 
852 |a DSZK  |b KIS3GCP 
958 |a HU 
958 |a SK 
999 |c 1782049  |d 1783979